000 02092cam a22003251i 4500
001 18329385
003 EG-ScBUE
005 20230117123449.0
008 141008t2013 ohua f 001 0 eng d
020 _a9781440327032
020 _a1440327033
040 _aTOH
_beng
_erda
_cTOH
_dYDXCP
_dBTCTA
_dPX0
_dVP@
_dTAC
_dZLM
_dQBX
_dOCLCO
_dOCLCF
_dDLC
_dEG-ScBUE
082 0 4 _a751.426
_222
_bREY
100 1 _aReyner, Nancy,
_eauthor.
_937851
245 1 0 _aAcrylic illuminations :
_breflective and luminous acrylic painting techniques /
_cNancy Reyner.
250 _aFirst edition.
264 1 _aBlue Ash, Ohio :
_bNorth Light Books / F+W Media,
_c[2013]
264 4 _cc2013
300 _a143 pages :
_billustrations (chiefly color) ;
_c29 cm
336 _2rdacontent
_atext
_btxt
337 _2rdamedia
_aunmediated
_bn
338 _2rdacarrier
_avolume
_bnc
500 _aIncludes index.
500 _aAuthor of the best-selling acrylic revolution Nancy Reyner.
520 _a"Acrylic Illuminations by Nancy Reyner is a book chock full of acrylic painting techniques for both beginners and experts alike. You'll begin with a crash course on acrylic, where you'll learn which painting tools are necessary to own and how to use and experiment with them. Then, you'll dive straight into a plethora of painting techniques, grouped together by visual effects or materials. Convenient and helpful tips on how to utilize these techniques are included at the beginning of each chapter. Add shine with metallic effects, reflection with prismatic effects, and a bit of brightness and glow with optical and luminous effects. Plus, learn how to apply paint without the use of designated tools with pouring techniques. Enjoy clear step-by-step directions for each technique, as well as stunning visuals to accompany them and enhance your understanding. Let Nancy Reyner inspire you to try new painting methods and enjoy the dazzling results!" -- Publisher's description.
650 7 _aAcrylic painting
_xTechnique.
_2BUEsh
_937852
653 _bCOMAME
_cMay2015
655 _vReading book
942 _2ddc
_cBB
999 _c19286
_d19258